[Event "Let´s train those brainmuscles"]
[Site "SchemingMind.com"]
[Date "2010.02.03"]
[Round "-"]
[White "keen"]
[Black "lemmie"]
[Result "0-1"]
[WhiteCountry "SCO"]
[BlackCountry "NED"]
[WhiteElo "1621"]
[WhiteRD "56"]
[BlackElo "1633"]
[BlackRD "49"]
[GameID "237688"]

1. e4 e6 2. d4 d5 3. e5 c5 4. c3 Nc6 5. Nf3 Qb6 6. Bd3 cxd4 7. cxd4 Bd7 8. O-O Nxd4 9. Ng5 Nc6 10. Nxf7 Kxf7
11. Qh5+ Ke7 12. Bg5+ Nf6 13. exf6+ gxf6 14. Be3 Qxb2 15. Bc5+ Kd8 16. Bxf8 Qxa1 17. Qf7 Kc7 18. Bg7 Ne5 19. Rc1+ Kd6 20. Bxf6 Nxf7
21. Bxa1 Rhc8 22. Re1 h6 23. f4 a6 24. Nd2 Bb5 25. Bg6 Ke7 26. f5 Nh8 27. Rxe6+ Kd7 28. Bxh8 Rxh8 29. Nb3 Rae8 30. Nd4 Rxe6
31. Nxe6 Rc8 32. Nd4 Bd3 33. Nf3 Ke7 34. Nd4 Rc4 35. Nf3 Rc2 36. Ne1 Rd2 37. f6+ Kxf6 38. Bxd3 Rxa2 39. Nf3 a5 40. Nd4 Rd2
41. Nb3 Rxd3 42. Nxa5 b5 43. Nc6 Rd2 44. Nb4 Kf5
0-1

[Event "Let´s train those brainmuscles"]
[Site "SchemingMind.com"]
[Date "2010.02.03"]
[Round "-"]
[White "lemmie"]
[Black "keen"]
[Result "0-1"]
[WhiteCountry "NED"]
[BlackCountry "SCO"]
[WhiteElo "1575"]
[WhiteRD "51"]
[BlackElo "1640"]
[BlackRD "59"]
[GameID "237689"]

1. e4 e6 2. d4 d5 3. e5 c5 4. c3 Nc6 5. Nf3 Qb6 6. Bd3 cxd4 7. cxd4 Bd7 8. O-O Nxd4 9. Nxd4 Qxd4 10. Qe2 Bc5
11. Nc3 Qh4 12. Bd2 Nh6 13. g3 Qh3 14. Qf3 Ng4 15. Qg2 Qxg2+ 16. Kxg2 Nxe5 17. Be2 O-O 18. Rac1 Bc6 19. Kg1 Bb6 20. Bf4 Ng6
21. Bd2 d4 22. Nd1 e5 23. b3 Rad8 24. Bc4 Kh8 25. Nb2 f5 26. Bg5 Rde8 27. Na4 Ba5 28. Nc5 e4 29. Ne6 Rf7 30. Nxd4 Rc7
31. Nxc6 Rxc6 32. Rcd1 Ne5 33. Bb5 Nf3+ 34. Kg2 Nxg5 35. Bxc6 bxc6 36. Rd7 Bb6 37. Rfd1 Ne6 38. h3 Nc5 39. Rf7 g6 40. b4 Nd3
41. a3 c5 42. bxc5 Bxc5 43. Rb1 Bb6 44. h4 Nxf2 45. Rxb6 axb6 46. Kxf2 Ra8 47. Rb7 Rxa3 48. Rxb6 Kg7 49. Rb7+ Kh6 50. Re7 Rd3
51. Re6 Kh5 52. Re7 h6 53. Re5 Kg4 54. Re6 Rf3+ 55. Kg2 Rxg3+ 56. Kh2 Kxh4
0-1

[Event "Let´s train those brainmuscles"]
[Site "SchemingMind.com"]
[Date "2010.02.04"]
[Round "-"]
[White "Imre030"]
[Black "keen"]
[Result "0-1"]
[WhiteCountry "HUN"]
[BlackCountry "SCO"]
[WhiteElo "1239"]
[WhiteRD "88"]
[BlackElo "1640"]
[BlackRD "59"]
[GameID "237793"]

1. e4 e6 2. d4 d5 3. e5 c5 4. c3 Nc6 5. Nf3 Qb6 6. Bd3 cxd4 7. cxd4 Bd7 8. O-O Nxd4 9. Be3 Bc5 10. Nbd2 Nxf3+
11. Qxf3 Bxe3 12. Qxe3 Qxe3 13. fxe3 Ne7 14. Rac1 Nc6 15. Nf3 O-O 16. Ng5 g6 17. Nf3 Rac8 18. Ng5 Nxe5 19. Rxc8 Bxc8 20. e4 Nxd3
21. exd5 exd5 22. b3 Bf5 23. Nf3 Re8 24. a4 Re2 25. Nd4 Be4 26. Nxe2 f5 27. Ng3 Nc5 28. Nxe4 dxe4 29. Rb1 b6 30. g3 Kf7
31. Rd1 Ke7 32. Rb1 Ke6 33. b4 Nxa4 34. b5 Nc3 35. Rb3 Ne2+ 36. Kf1 Nd4 37. Rb4 Kd5 38. Ra4 Nxb5 39. Ra2 Kc4 40. Rc2+ Nc3
41. Ke1 Kb4 42. Rd2 a5 43. Rd7 a4 44. Rxh7 a3 45. Rb7 Na4 46. Rc7 Nc5 47. Ra7 Na4 48. h4 a2
0-1

[Event "Let´s train those brainmuscles"]
[Site "SchemingMind.com"]
[Date "2010.02.06"]
[Round "-"]
[White "Imre030"]
[Black "lemmie"]
[Result "0-1"]
[WhiteCountry "HUN"]
[BlackCountry "NED"]
[WhiteElo "1234"]
[WhiteRD "88"]
[BlackElo "1633"]
[BlackRD "49"]
[GameID "237794"]

1. e4 e6 2. d4 d5 3. e5 c5 4. c3 Nc6 5. Nf3 Qb6 6. Bd3 cxd4 7. cxd4 Bd7 8. O-O Nxd4 9. Nbd2 Bc5 10. Nb3 Nxb3
11. axb3 Ne7 12. Bd2 a6 13. b4 Bxb4 14. Qb3 Nc6 15. Ra4 Bc5 16. Qxb6 Bxb6 17. Rg4 g6 18. Ng5 Nxe5 19. Rf4 Nxd3 20. Rxf7 Ne5
21. Rxh7 Rxh7 22. Nxh7 O-O-O 23. Rc1+ Kb8 24. Nf6 Nc4 25. Bb4 Bb5 26. b3 Ne5 27. g3 Nd3 28. Rd1 Nxb4 29. Ng4 d4 30. Ne5 d3
31. Rc1 d2 32. Rd1 Be2
0-1

[Event "Let´s train those brainmuscles"]
[Site "SchemingMind.com"]
[Date "2010.02.04"]
[Round "-"]
[White "keen"]
[Black "Imre030"]
[Result "1-0"]
[WhiteCountry "SCO"]
[BlackCountry "HUN"]
[WhiteElo "1621"]
[WhiteRD "56"]
[BlackElo "1234"]
[BlackRD "88"]
[GameID "237795"]

1. e4 e6 2. d4 d5 3. e5 c5 4. c3 Nc6 5. Nf3 Qb6 6. Bd3 cxd4 7. cxd4 Bd7 8. O-O Nxd4 9. Nxd4 Bc5 10. Nb3 Ba4
11. N1d2 Nf6 12. exf6 g6 13. Qg4 Rc8 14. Qxa4+ Kd8 15. Nxc5 Qc6 16. Qxc6 bxc6 17. Nf3 Rb8 18. Ne5 h5 19. Nxf7+ Kc7 20. Nxh8 Rxh8
21. Nxe6+ Kd6 22. Re1 Re8 23. f7 Ke7 24. Ng5+
1-0

[Event "Let´s train those brainmuscles"]
[Site "SchemingMind.com"]
[Date "2010.02.06"]
[Round "-"]
[White "lemmie"]
[Black "Imre030"]
[Result "1-0"]
[WhiteCountry "NED"]
[BlackCountry "HUN"]
[WhiteElo "1633"]
[WhiteRD "49"]
[BlackElo "1234"]
[BlackRD "88"]
[GameID "237796"]

1. e4 e6 2. d4 d5 3. e5 c5 4. c3 Nc6 5. Nf3 Qb6 6. Bd3 cxd4 7. cxd4 Bd7 8. O-O Nxd4 9. Nc3 Nxf3+ 10. Qxf3 O-O-O
11. Rb1 Bb4 12. Bg5 Re8 13. Qxf7 h6 14. Rfc1 hxg5 15. Nxd5+ Kd8 16. Nxb6 axb6 17. Rc4 Nh6 18. Qxg7 Be7 19. Qg6 Bb5 20. Rd4+ Kc7
21. Bxb5 Rd8 22. Rc1+ Bc5 23. Rxd8 Kxd8 24. Qf6+ Kc8 25. Qxh8+
1-0

[Event "Let´s train those brainmuscles"]
[Site "SchemingMind.com"]
[Date "2010.02.05"]
[Round "-"]
[White "Darnell"]
[Black "keen"]
[Result "1-0"]
[WhiteCountry "CAN"]
[BlackCountry "SCO"]
[WhiteElo "1469"]
[WhiteRD "63"]
[BlackElo "1621"]
[BlackRD "56"]
[GameID "237869"]

1. e4 e6 2. d4 d5 3. e5 c5 4. c3 Nc6 5. Nf3 Qb6 6. Bd3 cxd4 7. cxd4 Bd7 8. O-O Nxd4 9. Nxd4 Qxd4 10. Nc3 Bb4
11. Be3 Qxe5 12. Nb5 a6 13. Qb3 d4 14. Bxd4 Qg5 15. Nc7+
1-0

[Event "Let´s train those brainmuscles"]
[Site "SchemingMind.com"]
[Date "2010.02.09"]
[Round "-"]
[White "Darnell"]
[Black "lemmie"]
[Result "0-1"]
[WhiteCountry "CAN"]
[BlackCountry "NED"]
[WhiteElo "1387"]
[WhiteRD "62"]
[BlackElo "1575"]
[BlackRD "51"]
[GameID "237870"]

1. e4 e6 2. d4 d5 3. e5 c5 4. c3 Nc6 5. Nf3 Qb6 6. Bd3 cxd4 7. cxd4 Bd7 8. O-O Nxd4 9. Nxd4 Qxd4 10. Nc3 a6
11. Re1 Ne7 12. Qf3 Ng6 13. Bxg6 hxg6 14. Bf4 Be7 15. Rad1 Qb6 16. Re2 Bc6 17. Qe3 d4 18. Qxd4 Bc5 19. Qd2 O-O 20. Qe1 Rad8
21. Bg3 Bb5 22. Nxb5 Rxd1 23. Qxd1 Qxb5 24. Rd2 Be7
0-1

[Event "Let´s train those brainmuscles"]
[Site "SchemingMind.com"]
[Date "2010.02.05"]
[Round "-"]
[White "Darnell"]
[Black "Imre030"]
[Result "0-1"]
[WhiteCountry "CAN"]
[BlackCountry "HUN"]
[WhiteElo "1387"]
[WhiteRD "62"]
[BlackElo "1239"]
[BlackRD "88"]
[GameID "237871"]

1. e4 e6 2. d4 d5 3. e5 c5 4. c3 Nc6 5. Nf3 Qb6 6. Bd3 cxd4 7. cxd4 Bd7 8. O-O Nxd4 9. Nxd4 Qxd4 10. Nc3 Qb6
11. Be3 Qc7 12. Nb5 Qc6 13. Rc1 Qa6 14. Nc7+ Kd8 15. Nxa6 Rc8 16. Rxc8+ Bxc8 17. Nc5 b6 18. Nb3 f6 19. exf6 gxf6 20. Qf3 f5
21. Bg5+ Be7 22. Qh5 Nf6
0-1

[Event "Let´s train those brainmuscles"]
[Site "SchemingMind.com"]
[Date "2010.02.05"]
[Round "-"]
[White "keen"]
[Black "Darnell"]
[Result "1-0"]
[WhiteCountry "SCO"]
[BlackCountry "CAN"]
[WhiteElo "1640"]
[WhiteRD "59"]
[BlackElo "1387"]
[BlackRD "62"]
[GameID "237872"]

1. e4 e6 2. d4 d5 3. e5 c5 4. c3 Nc6 5. Nf3 Qb6 6. Bd3 cxd4 7. cxd4 Bd7 8. O-O Nxd4 9. Nxd4 Qxd4 10. Re1 Bc5
11. Be3 Qxb2 12. Nd2 Ba3 13. Rb1 Qxa2 14. Rxb7 Bb2 15. Qc2 Qa3 16. Qc7 Qa4 17. Rxb2 Qc6 18. Qxc6 Bxc6 19. Reb1 Kd7 20. Bc5 Nh6
21. Nf3 a5 22. Nd4
1-0

[Event "Let´s train those brainmuscles"]
[Site "SchemingMind.com"]
[Date "2010.02.09"]
[Round "-"]
[White "lemmie"]
[Black "Darnell"]
[Result "0-1"]
[WhiteCountry "NED"]
[BlackCountry "CAN"]
[WhiteElo "1633"]
[WhiteRD "49"]
[BlackElo "1469"]
[BlackRD "63"]
[GameID "237873"]

1. e4 e6 2. d4 d5 3. e5 c5 4. c3 Nc6 5. Nf3 Qb6 6. Bd3 cxd4 7. cxd4 Bd7 8. O-O Nxd4 9. Nxd4 Qxd4 10. Nc3 a6
11. Qe2 Ne7 12. Re1 Nc6 13. Rd1 Qxe5 14. Qf3 Bd6 15. h3 Nd4 16. Qg4 Qh2+ 17. Kf1 Qh1#
0-1

[Event "Let´s train those brainmuscles"]
[Site "SchemingMind.com"]
[Date "2010.02.05"]
[Round "-"]
[White "Imre030"]
[Black "Darnell"]
[Result "1-0"]
[WhiteCountry "HUN"]
[BlackCountry "CAN"]
[WhiteElo "1234"]
[WhiteRD "88"]
[BlackElo "1469"]
[BlackRD "63"]
[GameID "237874"]

1. e4 e6 2. d4 d5 3. e5 c5 4. c3 Nc6 5. Nf3 Qb6 6. Bd3 cxd4 7. cxd4 Bd7 8. O-O Nxd4 9. Ng5 Nc6 10. Be3 Qxb2
11. Nd2 Qxe5 12. Ndf3 Qd6 13. Bxh7 e5 14. Bxg8 e4 15. Nxf7
1-0

[Event "Let´s train those brainmuscles"]
[Site "SchemingMind.com"]
[Date "2010.02.06"]
[Round "-"]
[White "Queeny"]
[Black "keen"]
[Result "1-0"]
[WhiteCountry "ENG"]
[BlackCountry "SCO"]
[WhiteElo "1564"]
[WhiteRD "64"]
[BlackElo "1621"]
[BlackRD "56"]
[GameID "237918"]

1. e4 e6 2. d4 d5 3. e5 c5 4. c3 Nc6 5. Nf3 Qb6 6. Bd3 cxd4 7. cxd4 Bd7 8. O-O Nxd4 9. Be3 Qxb2 10. Bxd4 Qb4
11. Nbd2 g6 12. Re1 Bg7 13. Qe2 Ne7 14. Reb1 Qa5 15. Rxb7 Nc6 16. Nb3 Qa3 17. Bc5 Qa4 18. Bb5 Qe4 19. Re1 Qxe2 20. Rxe2
1-0

[Event "Let´s train those brainmuscles"]
[Site "SchemingMind.com"]
[Date "2010.02.09"]
[Round "-"]
[White "Queeny"]
[Black "lemmie"]
[Result "0-1"]
[WhiteCountry "ENG"]
[BlackCountry "NED"]
[WhiteElo "1564"]
[WhiteRD "64"]
[BlackElo "1633"]
[BlackRD "49"]
[GameID "237919"]

1. e4 e6 2. d4 d5 3. e5 c5 4. c3 Nc6 5. Nf3 Qb6 6. Bd3 cxd4 7. cxd4 Bd7 8. O-O Nxd4 9. Be3 Nxf3+ 10. Qxf3 Qxb2
11. Nd2 Qxe5 12. Rab1 Bc6 13. Bf4 Qf6 14. Rfe1 Be7 15. Bb5 Nh6 16. Bxc6+ bxc6 17. Rb8+ Rxb8 18. Bxb8 Qxf3 19. Nxf3 a6 20. Ne5 c5
21. Rb1 O-O 22. Nc6 Bf6 23. Rb6 Nf5 24. g4 Nd4 25. Na5 h6 26. Bd6 Rc8 27. Rxa6 c4 28. Rb6 c3 29. Rb1 c2
0-1

[Event "Let´s train those brainmuscles"]
[Site "SchemingMind.com"]
[Date "2010.02.06"]
[Round "-"]
[White "Queeny"]
[Black "Imre030"]
[Result "1-0"]
[WhiteCountry "ENG"]
[BlackCountry "HUN"]
[WhiteElo "1564"]
[WhiteRD "64"]
[BlackElo "1234"]
[BlackRD "88"]
[GameID "237920"]

1. e4 e6 2. d4 d5 3. e5 c5 4. c3 Nc6 5. Nf3 Qb6 6. Bd3 cxd4 7. cxd4 Bd7 8. O-O Nxd4 9. Be3 Rc8 10. Bxd4 Qd8
11. a3 g6 12. Nc3 Ne7 13. Re1 Bh6 14. Bb5 a6 15. Ba4 b5 16. Bc2 Nc6 17. Be3 O-O 18. Bxh6 Re8 19. h4 Qb6 20. h5 Ne7
21. Qd2 b4 22. axb4 Nf5 23. hxg6 fxg6 24. Qg5 Nd4 25. Qf6 Nxf3+ 26. gxf3 Rc4 27. Qg7#
1-0

[Event "Let´s train those brainmuscles"]
[Site "SchemingMind.com"]
[Date "2010.02.07"]
[Round "-"]
[White "Queeny"]
[Black "Darnell"]
[Result "0-1"]
[WhiteCountry "ENG"]
[BlackCountry "CAN"]
[WhiteElo "1564"]
[WhiteRD "64"]
[BlackElo "1469"]
[BlackRD "63"]
[GameID "237921"]

1. e4 e6 2. d4 d5 3. e5 c5 4. c3 Nc6 5. Nf3 Qb6 6. Bd3 cxd4 7. cxd4 Bd7 8. O-O Nxd4 9. Ng5 Nc6 10. Re1 Bc5
11. Re2 Nh6 12. Nxh7 Ng4 13. Be3 Nxe3 14. fxe3 Nxe5 15. Qd2 Nxd3
0-1

[Event "Let´s train those brainmuscles"]
[Site "SchemingMind.com"]
[Date "2010.02.06"]
[Round "-"]
[White "keen"]
[Black "Queeny"]
[Result "1-0"]
[WhiteCountry "SCO"]
[BlackCountry "ENG"]
[WhiteElo "1621"]
[WhiteRD "56"]
[BlackElo "1564"]
[BlackRD "64"]
[GameID "237922"]

1. e4 e6 2. d4 d5 3. e5 c5 4. c3 Nc6 5. Nf3 Qb6 6. Bd3 cxd4 7. cxd4 Bd7 8. O-O Nxd4 9. Ng5 Nh6 10. Nxh7 Rxh7
11. Bxh7 g6 12. Nc3 Ndf5 13. Qf3 Bc6 14. Qh3 O-O-O 15. Bg5 Rd7 16. g4 Nxg4 17. Qxg4 Qxb2 18. Rfc1 Bc5 19. Qe2 Ba3 20. Qd3 Qb4
21. Ne2 Qg4+ 22. Ng3 Qxg5 23. Rxc6+ bxc6 24. Qa6+ Kd8 25. Qxa3 Nxg3 26. Qf8+ Kc7 27. hxg3 Qd8 28. Qc5 Qb8 29. Rc1 Qb6 30. Qc2 c5
31. Rb1 Qc6 32. Rc1 c4 33. Rb1 d4 34. Qb2 c3 35. Qb8#
1-0

[Event "Let´s train those brainmuscles"]
[Site "SchemingMind.com"]
[Date "2010.02.09"]
[Round "-"]
[White "lemmie"]
[Black "Queeny"]
[Result "0-1"]
[WhiteCountry "NED"]
[BlackCountry "ENG"]
[WhiteElo "1633"]
[WhiteRD "49"]
[BlackElo "1564"]
[BlackRD "64"]
[GameID "237923"]

1. e4 e6 2. d4 d5 3. e5 c5 4. c3 Nc6 5. Nf3 Qb6 6. Bd3 cxd4 7. cxd4 Bd7 8. O-O Nxd4 9. Nxd4 Qxd4 10. Nc3 Qxe5
11. Re1 Qf6 12. Bf1 O-O-O 13. Bd2 Bc5 14. Qe2 g5 15. Rec1 Kb8 16. a3 h5 17. Kh1 Bxf2 18. Rab1 Rc8 19. Bxg5 Qf5 20. Be3 Bxe3
21. Qxe3 Nf6 22. Qg3+ Ka8 23. Bd3 Qg4 24. Qe5 Rhg8 25. Bf1 Qg6 26. Nb5 Bxb5 27. Bxb5 Qxg2#
0-1

[Event "Let´s train those brainmuscles"]
[Site "SchemingMind.com"]
[Date "2010.02.06"]
[Round "-"]
[White "Imre030"]
[Black "Queeny"]
[Result "0-1"]
[WhiteCountry "HUN"]
[BlackCountry "ENG"]
[WhiteElo "1239"]
[WhiteRD "88"]
[BlackElo "1592"]
[BlackRD "68"]
[GameID "237924"]

1. e4 e6 2. d4 d5 3. e5 c5 4. c3 Nc6 5. Nf3 Qb6 6. Bd3 cxd4 7. cxd4 Bd7 8. O-O Nxd4 9. Bd2 Bb4 10. Nc3 Nxf3+
11. Qxf3 Bxc3 12. Bxc3 Bc6 13. b4 d4 14. Qe2 dxc3 15. b5 Bd7 16. a4 Nh6 17. Rac1 Qa5 18. Qa2 a6 19. Qc4 Rc8 20. Qb3 Rc5
21. Rfe1 axb5 22. axb5 Bxb5 23. Ra1 Qd8 24. Bxb5+ Ke7 25. Red1 Qc8 26. Bd7 Qb8 27. Qb4 Qxe5 28. Re1 Qc7 29. Rad1 c2 30. Rd4 Qa5
31. Qxa5 Rxa5 32. Ra4 Rc5 33. Bxe6 fxe6 34. g3 c1=Q 35. Rxc1 Rxc1+ 36. Kg2 Rb8 37. Re4 Rc2 38. Re3 b5 39. Kf3 b4
0-1

[Event "Let´s train those brainmuscles"]
[Site "SchemingMind.com"]
[Date "2010.02.06"]
[Round "-"]
[White "Darnell"]
[Black "Queeny"]
[Result "0-1"]
[WhiteCountry "CAN"]
[BlackCountry "ENG"]
[WhiteElo "1330"]
[WhiteRD "65"]
[BlackElo "1624"]
[BlackRD "66"]
[GameID "237925"]

1. e4 e6 2. d4 d5 3. e5 c5 4. c3 Nc6 5. Nf3 Qb6 6. Bd3 cxd4 7. cxd4 Bd7 8. O-O Nxd4 9. Nxd4 Qxd4 10. Nc3 Qxe5
11. Re1 Qf6 12. Nxd5 Qd8 13. Bf4 Be7 14. Nc7+ Kf8 15. Nxa8 Qxa8 16. Rc1 g5 17. Be5 f6 18. Rc7 Bc6 19. Bg3 Bd8 20. Bd6+ Ne7
21. Bxe7+ Bxe7 22. Rxe6 Bd8 23. Rcxc6 bxc6 24. Qf3 Kg7 25. a3 Qb8 26. b4 Rf8
0-1

[Event "Let´s train those brainmuscles"]
[Site "SchemingMind.com"]
[Date "2010.02.13"]
[Round "-"]
[White "janez"]
[Black "keen"]
[Result "1-0"]
[WhiteCountry "SLO"]
[BlackCountry "SCO"]
[WhiteElo "1597"]
[WhiteRD "84"]
[BlackElo "1621"]
[BlackRD "56"]
[GameID "238271"]

1. e4 e6 2. d4 d5 3. e5 c5 4. c3 Nc6 5. Nf3 Qb6 6. Bd3 cxd4 7. cxd4 Bd7 8. O-O Nxd4 9. Nxd4 Qxd4 10. Re1 Bb4
11. Re2 Ne7 12. a3 Ba5 13. h3 Bb5 14. Bxb5+
1-0

[Event "Let´s train those brainmuscles"]
[Site "SchemingMind.com"]
[Date "2010.02.13"]
[Round "-"]
[White "janez"]
[Black "Queeny"]
[Result "0-1"]
[WhiteCountry "SLO"]
[BlackCountry "ENG"]
[WhiteElo "1606"]
[WhiteRD "81"]
[BlackElo "1624"]
[BlackRD "66"]
[GameID "238272"]

1. e4 e6 2. d4 d5 3. e5 c5 4. c3 Nc6 5. Nf3 Qb6 6. Bd3 cxd4 7. cxd4 Bd7 8. O-O Nxd4 9. Nxd4 Qxd4 10. Re1 h5
11. Nc3 Nh6 12. h3 Be7 13. Nb5 Qb6 14. Be3 Qa5 15. Qb3 a6 16. Nc3 Qc7 17. Bd4 b5 18. a3 Bg5 19. Ne2 h4 20. Kh1 Nf5
21. Bxf5 exf5 22. Qxd5 Bc6 23. Qc5 Qb7 24. Rg1 f4 25. e6 f6 26. Nc3 Rc8 27. Qb4 f3 28. Qd6 fxg2+ 29. Kh2 Rd8 30. Qxd8+ Kxd8
31. Rgd1 Bf4+ 32. Kg1 Kc8 33. Ne2 Bb8 34. Bc5 Qc7 35. f4 Ba7 36. Bxa7 Qxa7+ 37. Kh2 Qe3 38. Nd4 Qxf4+ 39. Kg1 Qe3+ 40. Kh2 Bd5
41. Rac1+ Kb7 42. Rc3 g1=Q+ 43. Rxg1 Qf2+ 44. Rg2 Qxg2#
0-1

[Event "Let´s train those brainmuscles"]
[Site "SchemingMind.com"]
[Date "2010.02.13"]
[Round "-"]
[White "janez"]
[Black "lemmie"]
[Result "0-1"]
[WhiteCountry "SLO"]
[BlackCountry "NED"]
[WhiteElo "1606"]
[WhiteRD "81"]
[BlackElo "1577"]
[BlackRD "55"]
[GameID "238273"]

1. e4 e6 2. d4 d5 3. e5 c5 4. c3 Nc6 5. Nf3 Qb6 6. Bd3 cxd4 7. cxd4 Bd7 8. O-O Nxd4 9. Nxd4 Qxd4 10. Re1 Ne7
11. Nc3 a6 12. h3 Ng6 13. Bxg6 Qxd1 14. Bxf7+ Kxf7 15. Rxd1 Bc5 16. a3 Raf8 17. b4 Ba7 18. a4 Ke8 19. Ra2 Rf5 20. Re1 Rhf8
21. Ree2 h6 22. Nd1 Bc6 23. Kh2 g5 24. g4 Rf3 25. a5 Bb5 26. Rec2 Bc4 27. Ra1 Bd4 28. Bb2 Bxf2 29. Kg2 Bh4 30. Bd4 Bf1+
31. Kh1 Rxh3+ 32. Kg1 Rg3+ 33. Kh2 Rxg4 34. Bc5 Rf3 35. Kh1 Rh3+ 36. Rh2 Bg2+ 37. Kg1 Be4+ 38. Kf1 Bd3+ 39. Re2 Rh1+ 40. Bg1 Rhxg1#
0-1

[Event "Let´s train those brainmuscles"]
[Site "SchemingMind.com"]
[Date "2010.02.13"]
[Round "-"]
[White "janez"]
[Black "Imre030"]
[Result "1-0"]
[WhiteCountry "SLO"]
[BlackCountry "HUN"]
[WhiteElo "1606"]
[WhiteRD "81"]
[BlackElo "1264"]
[BlackRD "87"]
[GameID "238274"]

1. e4 e6 2. d4 d5 3. e5 c5 4. c3 Nc6 5. Nf3 Qb6 6. Bd3 cxd4 7. cxd4 Bd7 8. O-O Nxd4 9. Nxd4 Qxd4 10. Re1 Bc5
11. Qe2 a6 12. Nd2 b5 13. Nb3 Qh4 14. Nxc5 Bc8 15. a4 Ne7 16. axb5 a5 17. b6 Nf5 18. b7 Rb8 19. bxc8=Q+ Rxc8 20. Rxa5 Qb4
21. Rb5 Qh4 22. Bxf5 exf5 23. Rd1 Rd8 24. e6 Qe7 25. exf7+ Kxf7 26. Qxe7+ Kxe7 27. Bg5+ Ke8 28. Bxd8 Kxd8 29. Rb8+
1-0

[Event "Let´s train those brainmuscles"]
[Site "SchemingMind.com"]
[Date "2010.02.13"]
[Round "-"]
[White "janez"]
[Black "Darnell"]
[Result "1-0"]
[WhiteCountry "SLO"]
[BlackCountry "CAN"]
[WhiteElo "1657"]
[WhiteRD "81"]
[BlackElo "1387"]
[BlackRD "62"]
[GameID "238275"]

1. e4 e6 2. d4 d5 3. e5 c5 4. c3 Nc6 5. Nf3 Qb6 6. Bd3 cxd4 7. cxd4 Bd7 8. O-O Nxd4 9. Nxd4 Qxd4 10. Re1 Ne7
11. Nd2 Qxd3 12. Re3 Qf5 13. b3 Ng6 14. Bb2
1-0

[Event "Let´s train those brainmuscles"]
[Site "SchemingMind.com"]
[Date "2010.02.13"]
[Round "-"]
[White "keen"]
[Black "janez"]
[Result "0-1"]
[WhiteCountry "SCO"]
[BlackCountry "SLO"]
[WhiteElo "1640"]
[WhiteRD "59"]
[BlackElo "1657"]
[BlackRD "81"]
[GameID "238276"]

1. e4 e6 2. d4 d5 3. e5 c5 4. c3 Nc6 5. Nf3 Qb6 6. Bd3 cxd4 7. cxd4 Bd7 8. O-O Nxd4 9. Ng5 g6 10. Nc3 Bg7
11. Re1 h6 12. Nf3 Nxf3+ 13. Qxf3 Bc6 14. Qg3 Ne7 15. a3 d4 16. Ne2 Qa5 17. b4 Qxe5 18. Bf4 Qd5 19. Rac1 O-O 20. Rc5 Qb3
21. Rb1 Qxa3 22. Ra5 Ba4 23. Bd6 Rfe8 24. b5 Qa2 25. Nc1 Qd2 26. Ne2 Qxa5
0-1

[Event "Let´s train those brainmuscles"]
[Site "SchemingMind.com"]
[Date "2010.02.13"]
[Round "-"]
[White "Queeny"]
[Black "janez"]
[Result "1-0"]
[WhiteCountry "ENG"]
[BlackCountry "SLO"]
[WhiteElo "1624"]
[WhiteRD "66"]
[BlackElo "1606"]
[BlackRD "81"]
[GameID "238277"]

1. e4 e6 2. d4 d5 3. e5 c5 4. c3 Nc6 5. Nf3 Qb6 6. Bd3 cxd4 7. cxd4 Bd7 8. O-O Nxd4 9. Be3 Bc5 10. Bxd4 Bxd4
11. Nxd4 Qxd4 12. Qe2 Ne7 13. Rd1 Qh4 14. Bb5 Nc6 15. Bxc6 Bxc6 16. Na3 O-O 17. Rd3 b5 18. Rh3 Qg5 19. Re1 a6 20. Nc2 h6
21. Nd4 Bb7 22. Qe3 Qxe3 23. Rhxe3 Rac8 24. b3 Rc7 25. Rd1 Rfc8 26. Ree1 b4 27. f4 g6 28. g4 Rc3 29. f5 Re8 30. fxg6 fxg6
31. Rf1 Bc8 32. Kg2 a5 33. Rf3 Rxf3 34. Kxf3 Rf8+ 35. Kg3 Bd7 36. Rc1 Rc8 37. Rxc8+ Bxc8 38. Nc6 g5 39. Ne7+ Kf7 40. Nxc8 Ke8
41. Na7 Kd7 42. Nb5 Kc6 43. Nd4+ Kd7 44. h4 gxh4+ 45. Kxh4 Ke7 46. Kh5 Kf7 47. Kxh6 Ke7 48. Kh7 Kf7 49. g5 a4 50. g6+ Ke7
51. g7
1-0

[Event "Let´s train those brainmuscles"]
[Site "SchemingMind.com"]
[Date "2010.02.13"]
[Round "-"]
[White "lemmie"]
[Black "janez"]
[Result "1-0"]
[WhiteCountry "NED"]
[BlackCountry "SLO"]
[WhiteElo "1688"]
[WhiteRD "55"]
[BlackElo "1566"]
[BlackRD "84"]
[GameID "238278"]

1. e4 e6 2. d4 d5 3. e5 c5 4. c3 Nc6 5. Nf3 Qb6 6. Bd3 cxd4 7. cxd4 Bd7 8. O-O Nxd4 9. Nxd4 Qxd4 10. Nc3 Qxe5
11. Re1 Qd6 12. Nb5 Qb6 13. Be3 Bc5 14. Bxc5 Qa5 15. Nd6+ Ke7 16. Nxb7+ Ke8 17. Nxa5 Ne7 18. Bxe7 Kxe7 19. Bf1 Rab8 20. Qxd5 Rb6
21. Red1 exd5 22. Rxd5 Rxb2 23. Re1+ Be6 24. Nc6+ Kf6 25. Ra5 Ra8 26. f4 Bxa2 27. g4 h6 28. Ne7 g6 29. g5+ Kg7 30. Bg2 Rh8
31. Rxa7 hxg5 32. fxg5 Be6 33. Nc6 Bf5 34. Nd4 Bg4 35. Rf1 Rf8 36. h3 Bc8 37. h4 Rb4 38. Nf3 Be6 39. Kh2 Kg8 40. Bh3 Rf4
41. Bxe6 fxe6 42. Kg3 e5 43. Raa1 Re4 44. Nd2 Re3+ 45. Kg2 Rd8 46. Nc4 Re4 47. Rac1 Rd5 48. Nb6 Rd3 49. Nc8 Rxh4 50. Ne7+ Kg7
51. Rf6 Rg4+ 52. Kh2 Rxg5 53. Rcf1 Rd4 54. Rf7+ Kh6 55. Ng8+ Kh5 56. Nf6+ Kh4 57. Rh7+ Rh5 58. Nxh5 gxh5 59. Rg7 Rd2+ 60. Kg1 Kh3
61. Re1 Rd5 62. Re3+ Kh4 63. Kh2
1-0

[Event "Let´s train those brainmuscles"]
[Site "SchemingMind.com"]
[Date "2010.02.13"]
[Round "-"]
[White "Imre030"]
[Black "janez"]
[Result "0-1"]
[WhiteCountry "HUN"]
[BlackCountry "SLO"]
[WhiteElo "1239"]
[WhiteRD "88"]
[BlackElo "1657"]
[BlackRD "81"]
[GameID "238279"]

1. e4 e6 2. d4 d5 3. e5 c5 4. c3 Nc6 5. Nf3 Qb6 6. Bd3 cxd4 7. cxd4 Bd7 8. O-O Nxd4 9. Be3 Bc5 10. Nc3 Ne7
11. a3 Nec6 12. b4 Nxf3+ 13. Qxf3 Nxe5 14. Qe2 Bxe3 15. fxe3 Rc8 16. Rac1 d4 17. exd4 Qxd4+ 18. Qf2 Qxf2+ 19. Kxf2 Nxd3+ 20. Ke2 Nxc1+
21. Rxc1 Bb5+ 22. Ke1 O-O 23. Kd1 Rfd8+ 24. Kc2 Rd3
0-1

[Event "Let´s train those brainmuscles"]
[Site "SchemingMind.com"]
[Date "2010.02.13"]
[Round "-"]
[White "Darnell"]
[Black "janez"]
[Result "0-1"]
[WhiteCountry "CAN"]
[BlackCountry "SLO"]
[WhiteElo "1387"]
[WhiteRD "62"]
[BlackElo "1657"]
[BlackRD "81"]
[GameID "238280"]

1. e4 e6 2. d4 d5 3. e5 c5 4. c3 Nc6 5. Nf3 Qb6 6. Bd3 cxd4 7. cxd4 Bd7 8. O-O Nxd4 9. Nxd4 Qxd4 10. Nc3 Qxe5
11. Re1 Qd6 12. Nb5 Qb6 13. Be3 Bc5 14. Bxc5 Qa5
0-1

[Event "Let´s train those brainmuscles"]
[Site "SchemingMind.com"]
[Date "2010.02.22"]
[Round "-"]
[White "saxondom"]
[Black "keen"]
[Result "0-1"]
[WhiteCountry "HUN"]
[BlackCountry "SCO"]
[WhiteElo "1219"]
[WhiteRD "83"]
[BlackElo "1642"]
[BlackRD "63"]
[GameID "239554"]

1. e4 e6 2. d4 d5 3. e5 c5 4. c3 Nc6 5. Nf3 Qb6 6. Bd3 cxd4 7. cxd4 Bd7 8. O-O Nxd4 9. Nxd4 Qxd4 10. Nc3 Qxe5
11. Re1 Qf6 12. Nxd5 Qd8 13. Bf4 Rc8 14. Rc1 Ne7 15. Nxe7 Bxe7 16. f3 O-O 17. Be5 h6 18. a3 Qb6+ 19. Kh1 Rxc1 20. Qxc1 Rc8
21. Qb1 Bc5 22. Bh7+ Kh8 23. Be4 f6 24. Qd3 Bb5 25. Qc3 fxe5 26. Qxe5 Bd4 27. Qf4 Qc7 28. Qg4 Qc1 29. Qg3 Bxb2 30. Bxb7 Qxe1+
31. Qxe1 Rc1 32. Qg1 Rxg1+ 33. Kxg1 Bxa3 34. h4 Bc5+ 35. Kh2 a5 36. g4 a4 37. Kg3 a3
0-1